[Event "Badalona op 45th"]
[Site "Badalona"]
[Date "2019.08.03"]
[Round "2"]
[White "Perez, Orelvis"]
[Black "Nieto Farreny, Francesc"]
[Result "1-0"]
[WhiteElo "2416"]
[BlackElo "2259"]
[PlyCount "75"]
[EventDate "2019.08.02"]
[EventType "swiss"]
[EventRounds "9"]
[EventCountry "ESP"]
[SourceTitle "EXT 2021"]
[Source "ChessBase"]
[SourceDate "2020.10.23"]
[SourceVersion "1"]
[SourceVersionDate "2020.10.23"]
[SourceQuality "1"]

1. e4 c5 2. Nf3 g6 3. d4 cxd4 4. Nxd4 Nc6 5. c4 Bg7 6. Be3 Nf6 7. Nc3 Ng4 8. Qxg4 Nxd4 9. Qd1 e5 10. Bd3 0-0 11. 0-0 d6 12. Ne2 Nc6 13. Qd2 f5 14. Bg5 Qe8 15. exf5 gxf5 16. f3 Be6 17. Rad1 Qh5 18. Ng3 Qf7 19. b3 Rac8 20. Bb1 Nd4 21. Ne2 Nxe2+ 22. Qxe2 Rc6 23. Bc1 a6 24. Bb2 Qh5 25. c5 dxc5 26. Bxe5 c4 27. Bxg7 Kxg7 28. Qe5+ Kg8 29. Be4 Rb6 30. bxc4 Bxc4 31. Qc5 Bxf1 32. Bd5+ Kg7 33. Qxb6 Bb5 34. Qxb7+ Kh6 35. a4 Be2 36. Re1 Qe8 37. Qb6+ Kg7 38. Qa7+ 1-0

[Event "Badalona op 45th"]
[Site "Badalona"]
[Date "2019.08.02"]
[Round "1"]
[White "Herrera Mellado, Luis A"]
[Black "Perez, Orelvis"]
[Result "0-1"]
[WhiteElo "2051"]
[BlackElo "2416"]
[PlyCount "66"]
[EventDate "2019.08.02"]
[EventType "swiss"]
[EventRounds "9"]
[EventCountry "ESP"]
[SourceTitle "EXT 2021"]
[Source "ChessBase"]
[SourceDate "2020.10.23"]
[SourceVersion "1"]
[SourceVersionDate "2020.10.23"]
[SourceQuality "1"]

1. d4 Nf6 2. Bf4 d6 3. e3 Nbd7 4. Nf3 Nh5 5. Bg5 h6 6. Bh4 g5 7. Nfd2 Ndf6 8. Bg3 Bg7 9. c4 Nxg3 10. hxg3 c5 11. Nc3 0-0 12. Be2 cxd4 13. exd4 d5 14. c5 Bf5 15. 0-0 e6 16. b4 g4 17. Rc1 h5 18. Re1 Bh6 19. Bf1 Kg7 20. Nb5 Ne8 21. Rc3 Rh8 22. f4 a6 23. Na3 Qf6 24. Nb3 Kg8 25. Qe2 h4 26. gxh4 Qxh4 27. g3 Qh5 28. Bg2 Nf6 29. Nd2 Bg7 30. Qf2 Rd8 31. Rd1 Ne4 32. Nxe4 Bxe4 33. Nc2 Qh1+ 0-1